00525nam a2200205Ia 4500001000700000003000500007008004100012010001100053040000900064082001200073100002500085245009100110260003700201300001100238440000500249500000500254503000500259650002700264650002800291Z_4196CHAP220113s1974 xx 000 0 und d a167259 cCHAP a631 D4y aDent, John Barry ed. aEl análisis de sistemas de administración agrícola /cpor John Barry ed. Dent aMéxico, D. F. :bDiana,c1974 a463 p. a a a aAdministración rural aAnálisis de sistemas